1191 1196 1343 1967 1027 1515 1978 1771 1619 1570 1805 1686 1214 1392 1184 1289 1172 1610 1427 1570 1874 1188 1561 1726 1756 1247 1808 1524 1831 1785 1623 1390 1560 1310 1576 1442 1967 1302 1590 1707 1323 1906 1887 1152 1345 1733 1012 1764 1123 1558 1955 1150 1631 1448 1480 1565 1108 1935 1900 1714 1024 1213 1570 1608 1051 1393 1166 1927 1997 1017 1529 1279 1052 1633 1300 1197 1793 1361 1387 1055 1135 1444 1994 1099 1745 1465 1699 1913 1957 1704 1892 1581 1311 1045 1911 1135 1551 1347 1950 BCNSPRNW ULIB Ver.6.0+V

เปลี่ยนเป็นภาษาไทย

Change to English
 แสดงรายละเอียดบรรณานุกรม
  กลับหน้าหลัก

Brief Record : Get Marc (ISO 2709) : E-mail record : QR code < ปิดหน้าต่าง
LEADER : 00000nam 2200000uu 4500
001    13399108434
003     ULIB
008    110203s2544||||th 000 0 tha d
020    9746112791(ล.2)
060  4 WY106^bม719ก ล.2 2544
110 1  มหาวิทยาลัยสุโขทัยธรรมาธิราช^bสาขาวิชาวิทยาศาสตร์สุขภาพ
245 00 เอกสารการสอนชุดวิชา กรณีเลือกสรรการพยาบาลอนามัยชุมชน หน่วยที่8-15=^bSelected case study on community health nursing /^cมหาวิทยาลัยสุโขทัยธรรมาธิราช
246 0  Selected case study on community health nursing
250    พิมพ์ครั้งที่ 15
260    นนทบุรี:^bศูนย์หนังสือมหาวิทยาลัยสุโขทัยธรรมาธิราช,^c2544
300    438 หน้า
650  7 อนามัยชุมชน^xการพยาบาล
650  7 อนามัยชุมชน^xการบริการ
945    ^p0^l0^i018931
995    ทศพร
999 ^a ใช้งานได้ทุกระบบ
รายการนี้ยังไม่มีแท็ก
คุณยังไม่ได้ล็อกอิน คุณสามารถมีกิจกรรมร่วมกับเว็บไซต์ได้ แต่ต้องล็อกอินก่อน ::
  ล็อกอิน

รายการสื่อสารสนเทศ

ลำดับที่ ประเภท เลขเรียก/บาร์โค้ด สถานที่ สถานะ
- ไม่พบข้อมูล -

รายการใกล้เคียง
    หัวเรื่อง [อนามัยชุมชน การพยาบาล]

BibComment


ยังไม่เคยถูกคอมเมนท์

คอมเมนท์ทรัพยากรรายการนี้
  คอมเมนท์: เอกสารการสอนชุดวิ..


 Copyright 2026. Bcnsprnw @Library